00338nam a2200145Ia 450000500170000000800410001702000180005805000180007610000160009424500350011026000130014526000120015826000090017065000130017920250603145818.0250603s9999 xx 000 0 und d a9781323113288 aQA 76.5 .E93/ aEvans, Alan 0aTechnology in action: complete aNew York bPearson c2016 aNew York